Biología y taxonomía de Zygnemataceae (Zygnematophyceae, Chlorophyta) del sur de la provincia de Buenos Aires /

Guardado en:
Autor Principal: Ferrer, Nora C.
Formato: Libro
Idioma:Spanish
Publicado: 1998.
Materias:
Etiquetas: Agregar Etiqueta
Sin Etiquetas, Sea el primero en etiquetar este registro!
LEADER 00689nam a22001935a 4500
001 EUN.um067098
008 041125s1998####ag#a#####bm###000#0#spa#d
005 20140310131030.0
245 1 0 |a Biología y taxonomía de Zygnemataceae (Zygnematophyceae, Chlorophyta) del sur de la provincia de Buenos Aires /  |c Nora Cristina Ferrer. 
260 |c 1998. 
300 |a 172 h. :  |b ilus. ;  |c 30,5 cm.. 
502 |a Tesis--Universidad Nacional del Sur,. 
504 |a Incluye referencias bibliográficas. 
100 1 |a Ferrer, Nora C.  |q (Nora Cristina) 
082 0 4 |a 040 
082 0 4 |a 589.47 
653 |a Botanica 
653 |a Algas 
859 |a Ar-BaUNS  |b BIB. CENTRAL - Sector A - Tesis  |h 040  |i B148 1999-424  |p 109869/999